British Prime Minister Trivia - Statistics

General Stats
  • This quiz has been taken 1,856 times
  • The average score is 7 of 20
Answer Stats
Hint Answer % Correct
Was a woman (name any of them) Margaret Thatcher; Theresa May; Liz Truss
99%
Oversaw the founding of the NHS Clement Attlee
65%
Commonly regarded as the first British Prime Minister Robert Walpole
64%
Founded the Metropolitan Police Service Robert Peel
56%
The most recent Prime Minister who was born in Edinburgh Tony Blair
56%
The most recent Liberal (or Liberal Democrat) Prime Minister David Lloyd George
45%
The first Labour Prime Minister Ramsay MacDonald
45%
The namesake of a contentious UK government declaration relating to Israel and Palestine Arthur Balfour
44%
Was born outside of the British Isles (name either of them) Andrew Bonar Law; Boris Johnson
41%
The most recent Prime Minister who didn't go to university John Major
36%
Was assassinated Spencer Perceval
35%
Was the Earl of a port city in northern England Earl of Liverpool
31%
Was despised by the suffragette movement for his refusal to grant women the vote, causing them to try to burn down a theatre he was in and throw an axe at his head on the same day H. H. Asquith
30%
Wrote and published sixteen novels, one of which was subtitled "a moral tale, though gay" Benjamin Disraeli
29%
The most recent person to have been Prime Minister whilst (briefly) being a member of the House of Lords Alec Douglas-Home
25%
At various times, held all four Great Offices of State (PM, Chancellor, Home Secretary, and Foreign Secretary) James Callaghan
24%
The namesake of a convention that says the House of Lords shall not try to prevent any legislation that was promised in the government's election manifesto Lord Salisbury
7%
Led a "caretaker ministry" for a month whilst waiting for the next Prime Minister to return from holiday in Italy Duke of Wellington
5%
The only 20th-century Conservative leader, apart from William Hague, who was never Prime Minister (first name and last name required) Austen Chamberlain
3%
Led what is sometimes known as the "Who? Who?" ministry Earl of Derby
3%
No matching quizzes found
Score Distribution
Percent of People with Each Score
Percentile by Number Answered
Your Score History
You have not taken this quiz